000 00299nam a22001337a 4500
008 170425b xxu||||| |||| 00| 0 eng d
020 _a01243338046
041 _aeng
080 _a54
100 _a12
101 _aSHM
245 _aTHE CHEMISTRY OF NONAQUENOS
_cLAGOWSKI.J.J
942 _2udc
_cBK
999 _c11867
_d11867